| 000 | 01383pam a2200421 i 4500 | ||
|---|---|---|---|
| 001 | data | ||
| 005 | 20260322212103.0 | ||
| 008 | data | ||
| 035 | _a1761943 | ||
| 906 |
_a7 _bcbc _corignew _d1 _eocip _f19 _gy-gencatlg |
||
| 010 | _a 76022769 | ||
| 020 | _a0812105729 | ||
| 020 | _a9780812105728 | ||
| 035 | _9(DLC) 76022769 | ||
| 040 |
_aDLC _cDLC _dDLC |
||
| 042 | _alcac | ||
| 050 | 0 | 0 |
_aRA776 _b.C964 1977 |
| 082 | 0 | 0 | _a613 |
| 245 | 0 | 0 |
_aPositive health : _bdesigns for action / _cMary K. Beyrer ... [et al.]. |
| 250 | _a2d ed. | ||
| 260 |
_aPhiladelphia : _bLea & Febiger, _c1977. |
||
| 300 |
_aix, 185 p. ; _c24 cm. |
||
| 336 |
_atext _btxt _2rdacontent |
||
| 337 |
_aunmediated _bn _2rdamedia |
||
| 338 |
_avolume _bnc _2rdacarrier |
||
| 490 | 0 | _aHealth education, physical education, and recreation series | |
| 500 | _aOriginal ed., 1965 by W. P. Cushman and others. | ||
| 504 | _aIncludes bibliographies and index. | ||
| 520 | _aDiscusses health problems facing young adults, including sexuality, drugs, nutrition, disease, and pollution. | ||
| 650 | 0 | _aHealth. | |
| 650 | 0 | _aPublic health. | |
| 650 | 1 | _aHealth. | |
| 650 | 1 | _aPublic health. | |
| 700 | 1 | _aBeyrer, Mary K. | |
| 700 | 1 |
_aCushman, Wesley P. _tPositive health. |
|
| 991 |
_bc-GenColl _hRA776 _i.C964 1977 _tCopy 1 _wBOOKS |
||
| 999 |
_c1506 _d1506 |
||